[Event "Helsinki KapSK op"]
[Site "Helsinki"]
[Date "2018.11.04"]
[Round "4"]
[White "Backman, Timo"]
[Black "Pasanen, Tuomo Tapio"]
[Result "1-0"]
[WhiteElo "1837"]
[BlackElo "2034"]
[PlyCount "59"]
[EventDate "2018.11.02"]
[EventType "swiss"]
[EventRounds "5"]
[EventCountry "FIN"]
[SourceTitle "EXT 2021"]
[Source "ChessBase"]
[SourceDate "2020.10.23"]
[SourceVersion "1"]
[SourceVersionDate "2020.10.23"]
[SourceQuality "1"]

1. e4 e6 2. d4 d5 3. exd5 exd5 4. Bf4 Nf6 5. Nf3 Bg4 6. Nbd2 Be7 7. Bd3 0-0 8. 0-0 Re8 9. c3 Nbd7 10. Qc2 Nf8 11. Rfe1 Rc8 12. h3 Bh5 13. Ne5 Bg6 14. Nxg6 hxg6 15. Nf3 Ne6 16. Bd2 Bd6 17. Re2 c5 18. Rae1 cxd4 19. Bxg6 dxc3 20. bxc3 Rc6 21. Bxf7+ Kxf7 22. Rxe6 Rxe6 23. Ng5+ Ke7 24. Rxe6+ Kd7 25. Qf5 Kc7 26. Nf7 Qd7 27. Nxd6 Ne4 28. Qe5 Kb6 29. Be3+ Ka6 30. Nxe4 1-0

[Event "Helsinki KapSK op"]
[Site "Helsinki"]
[Date "2018.11.03"]
[Round "2"]
[White "Tiihonen, Ilpo"]
[Black "Backman, Timo"]
[Result "1-0"]
[WhiteElo "1860"]
[BlackElo "1837"]
[PlyCount "39"]
[EventDate "2018.11.02"]
[EventType "swiss"]
[EventRounds "5"]
[EventCountry "FIN"]
[SourceTitle "EXT 2021"]
[Source "ChessBase"]
[SourceDate "2020.10.23"]
[SourceVersion "1"]
[SourceVersionDate "2020.10.23"]
[SourceQuality "1"]

1. d4 d6 2. e4 c6 3. c4 Nf6 4. Nc3 g6 5. f4 Qc7 6. Nf3 e5 7. fxe5 dxe5 8. Nxe5 Bg7 9. Be2 c5 10. Qa4+ Bd7 11. Nxd7 Nbxd7 12. Nb5 Qb6 13. e5 Ne4 14. Bf3 f5 15. Bxe4 fxe4 16. Nd6+ Ke7 17. 0-0 Rhf8 18. Bg5+ Ke6 19. d5+ Kxe5 20. Qxd7 1-0